000 00529nam a2200181 a 4500
001 14418
005 20180713202912.0
008 140415s1995 mx 000 0 spa d
020 _a968244442X
041 _aspa
082 _a153
_bAME
100 1 _aAMESTOY DE SANCHEZ, MARGARITA
245 1 0 _aDESARROLLO DE HABILIDADES DEL PENSAMIENTO :
_bCREATIVIDAD: GUIA DEL INSTRUCTOR
250 _a1a ed.
260 _aMEXICO :
_bTRILLAS,
_c1995
300 _a311
650 1 4 _aCOGNICION
_xHABILIDAD CREATIVA
_xINTELECTO
999 _c14418
_d14418